“抄手”地点数量≥100的地级行政区 Prefectures with ≥100 "Chaoshou" sites - Statistics

General Stats
  • This quiz has been taken 60 times
  • The average score is 9 of 12
Answer Stats
地级行政区 数量 % Correct
成都 1776
98%
重庆 1583
98%
绵阳 152
90%
乐山 275
81%
南充 117
79%
德阳 105
79%
自贡 202
77%
达州 139
69%
贵阳 115
65%
广州 123
48%
昆明 133
46%
遵义 181
33%
No matching quizzes found
Score Distribution
Percent of People with Each Score
Percentile by Number Answered
Your Score History
You have not taken this quiz